Statistiques concernant Culture Générale - Série 1598

Cliquez ici pour prendre le quiz!

Statistiques générales

  • Ce quiz a été pris 96 fois
  • Le résultat moyen est 6 sur 10

Statistiques - réponses

QuestionRéponse% Correct
De quel État d'Europe du Nord est originaire le sauna ?Finlande
92%
Dans le conte de Saint-Exupéry, quel animal le Petit Prince a-t-il apprivoisé ?renard
87%
Au Rwanda, à quel animal de montagne l'éthologue Dian Fossey a-t-elle consacré sa carrière ?gorille
74%
Dans quel pays pouvez-vous visiter le petit béguinage de Gand ?Belgique
73%
Dans la saga de Steven Spielberg, quel acteur incarne l'archéologue et aventurier Indiana Jones ?Harrison Ford
73%
Quelle maladie du foie, issue du grec "kirros", est souvent due à l'alcoolisme ?cirrhose
62%
Depuis 1297, quelle famille originaire de Gênes domine Monaco ?Grimaldi
60%
Qui Fernandel a-t-il rencontré dans un coin du Bois de Boulogne en 1939 ?Félicie
42%
Quel mot, désignant un arbre très utilisé en ébénisterie pour sa couleur, utilise-t-on pour qualifier une chevelure rougebrun ?acajou
32%
De quel État des États-Unis la ville de Richmond est-elle la capitale ?Virginie
32%

Distribution des résultats

Percentile par nombre de réponses

% des personnes avec chaque résultat

Votre développement - résultats

Vous n’avez pas pris ce quiz